A carregar...
K.Thayatinte swathanthryasamaracharithra Natakathrayam
| Autor principal: | |
|---|---|
| Formato: | Printed Book |
| Publicado em: |
Calicut
Haritham books
2013
|
| LEADER | 00421nam a22001217a 4500 | ||
|---|---|---|---|
| 082 | |a 894.8122 |b THA/SWA | ||
| 100 | |a Thayat,K | ||
| 245 | |a K.Thayatinte swathanthryasamaracharithra Natakathrayam | ||
| 260 | |a Calicut |b Haritham books |c 2013 | ||
| 300 | |a 306p. | ||
| 942 | |c BK | ||
| 999 | |c 3188 |d 3188 | ||
| 952 | |0 0 |1 0 |4 0 |6 894_812200000000000_THA_SWA |7 0 |8 FIC |9 4068 |a KUFOS |b KUFOS |c FIC |d 2016-05-21 |o 894.8122 THA/SWA |p 17053 |r 2016-05-21 |w 2016-05-21 |y BK | ||